Statistiken für Beste Champions League Torschützen Manchester United

Klicken Sie hier um das Quiz zu spielen!

Allgemein

  • Dieses Quiz wurde 150 mal gespielt
    (39 seit der letzten Aktualisierung)
  • Das Durchschnittsergebnis liegt bei 26 aus 43

Antwortstatistiken

SaisonNationalitätToreSpieler% Korrekt
2008/09Portugal4Cristiano Ronaldo
94%
2007/08Portugal8Cristiano Ronaldo
94%
2023/24Dänemark5Rasmus Højlund
94%
2018/19England2Marcus Rashford
86%
2021/22England1Marcus Rashford
86%
2020/21England6Marcus Rashford
86%
2011/12England2Wayne Rooney
86%
2010/11England4Wayne Rooney
86%
2008/09England4Wayne Rooney
86%
2009/10England5Wayne Rooney
86%
2018/19Belgien2Romelu Lukaku
83%
2017/18Belgien5Romelu Lukaku
83%
2005/06Wales1Ryan Giggs
83%
1994/95Wales2Ryan Giggs
83%
2012/13Mexiko3Javier Hernández
77%
2010/11Mexiko4Javier Hernández
77%
2013/14Niederlande4Robin van Persie
71%
2002/03Niederlande12Ruud van Nistelrooy
71%
2006/07Niederlande6Ruud van Nistelrooy
71%
2003/04Niederlande4Ruud van Nistelrooy
71%
2005/06Niederlande1Ruud van Nistelrooy
71%
2001/02Niederlande10Ruud van Nistelrooy
71%
2004/05Niederlande8Ruud van Nistelrooy
71%
2008/09Bulgarien4Dimitar Berbatov
66%
1999/00Irland6Roy Keane
66%
1993/94Irland2Roy Keane
66%
2000/01England6Paul Scholes
57%
2005/06England1Paul Scholes
57%
2021/22Schweden1Anthony Elanga
49%
2018/19Frankreich2Paul Pogba
49%
1998/99Trinidad & Tobago8Dwight Yorke
40%
1996/97Frankreich3Éric Cantona
40%
1993/94Frankreich2Éric Cantona
40%
1997/98England5Andy Cole
37%
2021/22England1Harry Maguire
37%
2015/16Argentinien3Ángel Di María
34%
2021/22England1Jadon Sancho
34%
2021/22England1Mason Greenwood
29%
1994/95Wales2Mark Hughes
17%
2021/22Brasilien1Alex Telles
11%
2011/12England2Danny Welbeck
9%
1993/94England2Steve Bruce
3%
1994/95England2Lee Sharpe
0%

Verteilung der Resultate

Perzentil nach korrekt beantworteten Fragen

Anzahl Personen mit jedem Resultat

Ihre Resultats-Entwicklung

Sie haben dieses Quiz seit der letzten Aktualisierung nicht gespielt